Ministerial Meeting on Science.

Guardado en:
Autores Corporativos: Ministerial Meeting on Science Paris), Organisation for Economic Co-operation and Development.
Formato: Libro
Idioma:English
Publicado: Paris : Organisation for Economic Co-operation and Development, 1966.
Materias:
Etiquetas: Agregar Etiqueta
Sin Etiquetas, Sea el primero en etiquetar este registro!
LEADER 01230nam a22002895a 4500
001 EIQ.libpla000161
008 051013s1966####fr#######b####100#0#eng#d
005 20060509171251.0
245 1 0 |a Ministerial Meeting on Science. 
260 |a Paris :  |b Organisation for Economic Co-operation and Development,  |c 1966. 
300 |a 4v. 
500 |a La biblioteca no posee el vol: "The social sciences and the policies of governments". 
504 |a Incluye bibliografías. 
111 2 |a Ministerial Meeting on Science  |n (2nd :  |d 1966 :  |c Paris) 
710 2 |a Organisation for Economic Co-operation and Development. 
740 0 |a Fundamental research and the policies of governments 
740 0 |a Government and allocation of resources to science. 
740 0 |a Government and technical innovation. 
740 4 |a The social sciences and the policies of governments. 
650 4 |a Ciencia y estado  |z Paris. 
650 4 |a Ciencia y estado  |x Congresos. 
650 4 |a Science and state  |z Paris. 
650 4 |a Science and state  |x Congresses. 
040 |a AR-BbSID  |b spa  |c AR-BbSID 
859 |a AR-BbSID  |b BIB. PLAPIQUI  |h 001.4  |i Mar 323  |p 13 
859 |a AR-BbSID  |b BIB. PLAPIQUI  |h 001.4  |i Broo 79  |p 16 
859 |a AR-BbSID  |b BIB. PLAPIQUI  |h 001.4  |i Or 14  |p 135